Zobrazovanie mozgu magnetickou rezonanciou in vivo na animálnych modeloch. Vyhodnocovanie MRI dát volumetriou na modeli neurodegeneratívneho ochorenia diplomová práca

Gespeichert in:
Bibliographische Detailangaben
1. Verfasser: Maliková, Mária
Format: Buch
Sprache:Slowakisch
Veröffentlicht: Bratislava STU FCHPT 2018
Online-Zugang:Im OPAC anzeigen
Tags: Tag hinzufügen
Keine Tags, Fügen Sie das erste Tag hinzu!

MARC

LEADER 00000nam a2200000 a 4500
005 20260127134148.0
008 180828 2018 xo a 001 0 slo d
035 |a vtls011774950 
039 9 |y 201808280957  |z mschk03 
040 |a STUSCHK1  |b slo  |c STUSCHK1  |e AACR2 
100 1 |a Maliková, Mária 
245 1 |a Zobrazovanie mozgu magnetickou rezonanciou in vivo na animálnych modeloch. Vyhodnocovanie MRI dát volumetriou na modeli neurodegeneratívneho ochorenia  |b diplomová práca  |c Mária Malíková 
260 |a Bratislava  |b STU FCHPT  |c 2018 
300 |a 50 s.  |b il.  |c 25 cm 
500 |a Študijný program: chémia, medicínska chémia a chemické materiály 
500 |a Študijný odbor: chemické technológie, chémia 
500 |a Školiace pracovisko: Centrálne laboratória NMR a HS 
500 |a Evid. číslo: FCHPT-13569-81821 
910 |a SCHK95 
999 |c 5531  |d 5531